[Event "TUR-chT Clubs"]
[Site "Konya"]
[Date "2019.07.19"]
[Round "6.24"]
[White "Deva, Atilla"]
[Black "Buyukcapar, Abdullah Mesut"]
[Result "1/2-1/2"]
[WhiteElo "1595"]
[BlackElo "1423"]
[PlyCount "111"]
[EventDate "2019.07.16"]
[EventType "team-swiss"]
[EventRounds "9"]
[EventCountry "TUR"]
[SourceTitle "CBM 191 Extra"]
[Source "ChessBase"]
[SourceDate "2019.09.30"]
[SourceVersion "1"]
[SourceVersionDate "2019.09.30"]
[SourceQuality "1"]
[WhiteTeam "Dumlupinar Turk"]
[BlackTeam "Hartlap Koyu Ali Dogan"]
[WhiteTeamCountry "TUR"]
[BlackTeamCountry "TUR"]

1. d4 c6 2. Bf4 d5 3. c3 Nf6 4. e3 e6 5. Nd2 Bd6 6. Bxd6 Qxd6 7. f4 b6 8. Ngf3 Ba6 9. Bxa6 Nxa6 10. 0-0 Nb8 11. Ne5 0-0 12. Rf3 Ne4 13. Rh3 Nd7 14. Nxe4 dxe4 15. Qh5 Nf6 16. Qh4 h6 17. g4 Nd7 18. Nc4 Qd5 19. Nd2 c5 20. g5 cxd4 21. gxh6 g6 22. cxd4 Kh7 23. b3 b5 24. Qe1 Rg8 25. Qb1 Nf6 26. Rg3 g5 27. fxg5 Rxg5 28. Qe1 Rag8 29. Nf1 Nh5 30. Rxg5 Qxg5+ 31. Ng3 Nxg3 32. hxg3 Qxg3+ 33. Qxg3 Rxg3+ 34. Kf2 Rf3+ 35. Ke2 Rh3 36. Rf1 Rh2+ 37. Kd1 Kg6 38. a4 bxa4 39. bxa4 Rxh6 40. Rg1+ Kf6 41. Rg4 Rh1+ 42. Kc2 Ra1 43. Kb3 Re1 44. Rxe4 Kf5 45. Re5+ Kg4 46. Kc3 Rc1+ 47. Kd2 Rc6 48. Ra5 a6 49. Rc5 Rb6 50. a5 Rd6 51. Kd3 f5 52. Re5 Rc6 53. Rc5 Rd6 54. Ke2 Rd5 55. Kd3 Rd6 56. Kc4 1/2-1/2